Les 10 meilleurs passeurs en 2023. - Statistiques

Statistiques générales
  • Ce quiz a été pris 263 fois
  • Le résultat moyen est 8 sur 10
Statistiques - réponses
Passes
décisives
Joueurs Clubs % Correct
22 Mohamed Salah Liverpool
97%
15 Kevin De Bruyne Man City
94%
23 Bruno Fernandes Man United
92%
17 Antoine Griezmann Atletico
89%
19 Vinicius Junior Real
86%
18 Bukayo Saka Arsenal
83%
21 Florian Wirtz Leverkusen
75%
20 Trent Alexander-Arnold Liverpool
53%
15 Jeremie Frimpong Leverkusen
45%
16 Riyad Mahrez Man City
40%
Aucun quiz correspondant
Distribution des résultats
% des personnes avec chaque résultat
Percentile par nombre de réponses
Votre historique - résultats
Vous n’avez pas pris ce quiz